La Economía del delantal /

Shranjeno v:
Bibliografske podrobnosti
Glavni avtor: Redondo Lubo, Aída
Format: Texto
Teme:
Oznake: Označite
Brez oznak, prvi označite!

MARC

LEADER 00000 a a2200000 04500
001 12084
003
040
100 |a Redondo Lubo, Aída  
245 |a La Economía del delantal /  |c Aída Redondo Lubo 
650 |a MUJERES  
650 |a COMERCIO MINORISTA  
650 |a FAMILIA  
650 |a NIÑOS  
650 |a ATENCION MEDICA  
650 |a RECESION ECONOMICA  
650 |a ASOCIACIONES  
650 |a REVOLUCION  
650 |a SECTOR INFORMAL  
650 |a INGRESO  
773 |g número 31; páginas 7-11  
999 |c 30160  |d 30160